00917nam a2200217 a 450000100100000000500170001000800410002704000250006808200220009311000530011524500460016826000460021430000200026059000270028065000430030765000360035091000380038695201260042495201320055099900170068200003031020200930060224.0110509s1979 dr f d 000 0 spa d aDO-SdBNPbspacBNPHU aR 359.5603bR426v1 aRepública Dominicana.bMarina de Guerra93663410aVocabulario naval internacional standard. aSanto Domingo :bMarina de Guerra,c1979. a53 p. ;c22 cm. aInventariado, 2018/ YL 4aManiobras navalesxDiccionarios956982 4aNavegacionxDiccionarios934665 aValidado. Control de calidad EMS. 001056718DSaBNPHUbBNPHUcHDd2011-05-09iLF1l0oR 359.5603 R426vp30310-10r2020-06-25w2020-06-25y4ZNo se presta 001056718DSaBNPHUbBNPHUcHDd2012-03-29iLF1l0oR 359.5603 R426vp30310-20r2020-06-25te. 2w2020-06-25y4ZNo se presta c29802d29802